000
00275nam a2200097Ia 4500
001
983321
005
20251230104638.0
008
250824s9999 xx 000 0 und d
245
0
_a
ÇOCUKLAR İÇİN SHERLOCK HOLMES - KIZIL ÇEMBER
_c
SİR ARTHUR CONAN DOYLE
260
_b
Ren Kitap
999
_c
983321
_d
983321